Centroamérica: Tendencias y perspectivas demográficas

Guardat en:
Dades bibliogràfiques
Autor principal: Canales, Jorge L.
Autor corporatiu: CELADE
Format: Text
Publicat: San José: CELADE
Etiquetes: Afegir etiqueta
Sense etiquetes, Sigues el primer a etiquetar aquest registre!

MARC

LEADER 00000 a a2200000 04500
001 25764
003
040
090 |a 173800  
100 |a Canales, Jorge L.  
110 |a CELADE  
245 |a Centroamérica: Tendencias y perspectivas demográficas  
260 |a San José:   |b CELADE  
300 |a 46 p.   |b **no definido**  
999 |c 8791  |d 8791